000 00961cab a2200265 4500
001 ABS46278
008 090401t1992 xxu||||| |||| 00| 0 eng d
035 _a(Sirsi) u57534
041 _aeng
100 _aBell, J.
245 _aGetting the right result
260 _c1992
350 _a0
490 _aSurveyor
_v177(5187) 9 April 1992, 13-15(3)
520 _aConsiders the increase in applications for incinerators for waste and sewage. Consultation with the public is seen to be a key issue in avoiding confrontation between planners and objectors, with environmental assessments taking a part. Lists incinerator applications and proposals 1989-91.
650 _aENVIRONMENTAL ASSESSMENT
650 _aINCINERATORS
650 _aPLANNING APPLICATIONS
650 _aWASTE DISPOSAL
650 _aWASTE MANAGEMENT
690 _aENVIRONMENTAL AND LAND CONSULTANCY
690 _aPLANNING LAW AND PRACTICE
942 _n0
948 _c04/03/1997
999 _c35097
_d35097